Top 5 European Leagues Top Scorers: 2005/06 - Statistics

General Stats
  • This quiz has been taken 9 times
  • The average score is 15 of 28
Answer Stats
League Goals Club Nationality Player % Correct
Serie A 19 Milan Ukraine Andriy Shevchenko
100%
La Liga 25 Valencia Spain David Villa
100%
La Liga 17 Barcelona Brazil Ronaldinho
100%
La Liga 14 Real Madrid Brazil Ronaldo
100%
La Liga 26 Barcelona Cameroon Samuel Eto'o
100%
Premier League 16 Tottenham Ireland Robbie Keane
89%
Premier League 21 Manchester United Netherlands Ruud van Nistelrooy
89%
Premier League 27 Arsenal France Thierry Henry
89%
Serie A 23 Juventus France David Trezeguet
78%
Bundesliga 21 Bayer Leverkusen Bulgaria Dimitar Berbatov
78%
Premier League 16 Chelsea England Frank Lampard
78%
Serie A 31 Fiorentina Italy Luca Toni
78%
Bundesliga 25 Werder Bremen Germany Miroslav Klose
78%
Premier League 16 Manchester United England Wayne Rooney
78%
La Liga 15 Zaragoza Argentina Diego Milito
67%
Ligue 1 21 PSG Portugal Pauleta
67%
Premier League 18 Charlton England Darren Bent
44%
Bundesliga 17 Bayern Munich Netherlands Roy Makaay
44%
Serie A 19 Livorno Italy Cristiano Lucarelli
33%
Bundesliga 20 Kaiserslautern Turkey Halil Altintop
33%
Serie A 22 Cagliari Honduras David Suazo
11%
Ligue 1 13 Lens Gabon Daniel Cousin
0%
Serie A 19 Empoli Italy Francesco Tavano
0%
Ligue 1 14 Lyon Brazil Fred
0%
Ligue 1 12 Auxerre Belgium Luigi Pieroni
0%
Ligue 1 14 Lille Nigeria Peter Odemwingie
0%
Bundesliga 16 Nurnberg Slovakia Robert Vittek
0%
Ligue 1 12 Lyon France Sylvain Wiltord
0%
No matching quizzes found
Score Distribution
Percent of People with Each Score
Percentile by Number Answered
Your Score History
You have not taken this quiz